000 00859nam a22003137a 4500
001 BR7807823
003 BR-BrBNA
005 20230928085834.0
007 ta
008 230509b bl.||||| |||| 00| 0 por d
040 _aBR-BrBNA
_bpor
_cBiblioteca Nacional de Agricultura
041 _a(Por)
072 _aF60; F22; U10
090 _ F60 BR7807823
100 1 _aPrevedello, C.L.
110 1 _aUniversidade Federal de Santa Maria, RS (Brasil)
_0Tese (Mestrado)
_99701
245 1 _aFluxo radial bidimensional de agua a raiz da planta
260 3 _aSanta Maria, RS (Brasil):
_c1978.
300 _a62 p.
500 _aSummaries (Eng, Por)
650 _aAGUA
650 _aPLANTA
650 _aNUTRICAO VEGETAL
650 _aABSORCAO
650 _aMODELO MATEMATICO
650 _aRAIZ
909 _a202309
_bLucia
_c55
_dLucia Elande
942 _cBK
999 _c26617
_d26617